[Event "Hyderabad Singh Ji Memorial"]
[Site "Hyderabad"]
[Date "2023.01.10"]
[Round "2"]
[White "Kushagra, Mohan"]
[Black "Druvesh, Dondapati"]
[Result "1-0"]
[WhiteElo "2389"]
[BlackElo "1437"]
[PlyCount "71"]
[EventDate "2023.01.10"]
[EventType "swiss"]
[EventRounds "9"]
[EventCountry "IND"]
[SourceTitle "CBM 212 Extra"]
[Source "ChessBase"]
[SourceDate "2023.03.31"]
[SourceVersion "1"]
[SourceVersionDate "2023.03.31"]
[SourceQuality "1"]

1. e4 c5 2. Nf3 d6 3. d4 cxd4 4. Nxd4 Nf6 5. Nc3 a6 6. Be3 e5 7. Nb3 Be6 8. f3 Be7 9. Qd2 h5 10. Nd5 Nxd5 11. exd5 Bf5 12. Be2 Nd7 13. 0-0 0-0 14. Na5 Qc7 15. c4 Nf6 16. b4 Rad8 17. Rac1 Rfe8 18. Rfd1 e4 19. f4 Bf8 20. h3 Qd7 21. Bf1 h4 22. Qf2 Be7 23. c5 dxc5 24. d6 Bxd6 25. bxc5 Qc7 26. cxd6 Qxa5 27. Rc5 Qa4 28. Rd4 Qd7 29. Rc7 Qxd6 30. Rxd6 Rxd6 31. Rxb7 Rd1 32. Kh2 Nd5 33. Bc4 Be6 34. f5 Nxe3 35. fxe6 Nxc4 36. Qxf7+ 1-0